The Canadian journal of program evaluation La Revue canadienne d'évaluation de programme.
| Autor Corporativo: | |
|---|---|
| Formato: | Electrónico Revista |
| Lenguaje: | inglés francés |
| Publicado: |
[Toronto] :
Canadian Evaluation Society
|
| Materias: | |
| Acceso en línea: | Full text available from Research Library: 04/01/1986 to 12/31/1998 Full text available from Research Library: 01/11/2010 to 04/30/2015 |
MARC
| LEADER | 00000nas a2200000 a 4500 | ||
|---|---|---|---|
| 001 | ssj0034627 | ||
| 003 | WaSeSS | ||
| 005 | 20200512172242.0 | ||
| 006 | m d | ||
| 007 | cr n | ||
| 008 | 050614c19869999oncfr pss 0 0eng c | ||
| 010 | |a 2007239454 | ||
| 022 | |a 1496-7308 |l 0834-1516 |y 0834-1516 | ||
| 035 | |a (WaSeSS)ssj0034627 | ||
| 040 | |a OCLCS |b eng |c OCLCS |d IUL |d OCLCQ |d OCLCF |d OCLCQ |d ILACE |d CUS |d WaSeSS | ||
| 041 | 0 | |a eng |a fre | |
| 042 | |a pcc | ||
| 043 | |a n-cn--- | ||
| 050 | 1 | 4 | |a H62.5.C2 |b C362 |
| 055 | 0 | 1 | |a TS158.2 |
| 222 | 4 | |a The Canadian journal of program evaluation |b (Online) | |
| 245 | 0 | 4 | |a The Canadian journal of program evaluation |h [electronic resource] = |b La Revue canadienne d'évaluation de programme. |
| 246 | 3 | 1 | |a Revue canadienne d'évaluation de programme |
| 260 | |a [Toronto] : |b Canadian Evaluation Society | ||
| 310 | |a Semiannual | ||
| 362 | 1 | |a Began with: Vol. 1, no. 1 (Apr. 1986). | |
| 500 | |a Published: [Toronto] : Canadian Evaluation Society, 1986- ; published: Calgary, Alta.: University of Calgary Press, Oct./Nov. 1988- ; published: Ottawa, Ontario : Canadian Evaluation Society, <2006-> | ||
| 506 | |a License restrictions may limit access. | ||
| 525 | |a Some volumes have a special issue. | ||
| 538 | |a Mode of access: World Wide Web. | ||
| 546 | |a English and French. | ||
| 588 | |a Description based on first issue; title from PDF running title (Canadian Evaluation Society Web site; viewed: 11/7/2007). | ||
| 588 | |a Latest issue consulted: Vol. 22, no. 1 (spring 2007); Canadian Evaluation Society Web site (viewed 11/7/2007). | ||
| 650 | 0 | |a Public administration |x Evaluation |v Periodicals. | |
| 650 | 0 | |a Public administration |z Canada |x Evaluation |v Periodicals. | |
| 650 | 0 | |a Evaluation research (Social action programs) |v Periodicals. | |
| 650 | 6 | |a Administration publique |x Évaluation |v Périodiques. | |
| 650 | 6 | |a Administration publique |x Évaluation |z Canada |v Périodiques. | |
| 650 | 6 | |a Recherche évaluative (Programmes d'action sociale) |v Périodiques. | |
| 650 | 7 | |a Evaluation research (Social action programs) |2 fast |0 (OCoLC)fst00916979 | |
| 650 | 7 | |a Public administration |x Evaluation. |2 fast |0 (OCoLC)fst01082002 | |
| 651 | 7 | |a Canada. |2 fast |0 (OCoLC)fst01204310 | |
| 655 | 0 | |a Electronic journals. | |
| 710 | 2 | |a Canadian Evaluation Society. | |
| 776 | 0 | 8 | |i Print version: |t Canadian journal of program evaluation |x 0834-1516 |w (DLC)cn 87039021 |w (OCoLC)14929567 |
| 853 | 2 | 0 | |8 1 |a v. |b no. |u 2 |v r |i (year) |j (month) |w f |x 04 |
| 853 | 2 | 0 | |8 2 |a v. |b no. |u 2 |v r |i (year) |j (season) |w f |x 21 |y ps21,23 |
| 856 | 4 | 0 | |z Full text available from Research Library: 04/01/1986 to 12/31/1998 |u https://search.proquest.com/publication/44049 |
| 856 | 4 | 0 | |z Full text available from Research Library: 01/11/2010 to 04/30/2015 |u https://search.proquest.com/publication/44049 |
| 863 | 4 | 1 | |8 1.1 |a 1 |b 1 |i 1986 |j 04 |
| 863 | 4 | 1 | |8 2.1 |a <22> |b <1> |i <2007> |j <21> |